000 00837cam a22002773a 4500
001 6987
003 PGUSA
005 20140828083139.0
008 041101s2004||||xxu|||||s|||||000 1 eng d
040 _aPGUSA
_beng
042 _adc
050 4 _aPS
050 4 _aPZ
100 1 _aSidney, Margaret,
_d1844-1924
245 1 0 _aFive Little Peppers Abroad
_h[electronic resource] /
_cMargaret Sidney
260 _bProject Gutenberg,
_c2004
506 _aPublic domain in the USA.
516 _aElectronic text
653 _aEurope -- Juvenile fiction
653 _aFive Little Peppers (Fictitious characters) -- Juvenile fiction
653 _aVoyages and travels -- Juvenile fiction
653 _aFamily -- Juvenile fiction
830 0 _aProject Gutenberg
_v6987
856 4 0 _uhttp://www.gutenberg.org/ebooks/6987
942 _cEB
999 _c236307
_d236307